000
00234 a2200097 4500
001
39723
100
_a
Ramond Pierry
245
_a
Field theory: A modern primer
260
_a
California
_b
Addison Wesley
_c
1990
090
_c
24732
_d
24732
942
_a
NUST-CAE
_c
M
_c
16372
999
_c
274796
_d
274796